Housing type and size in the south east (Record no. 78710)
[ view plain ]
| 000 -LEADER | |
|---|---|
| fixed length control field | 01394cad a22002175a 4500 |
| 001 - CONTROL NUMBER | |
| control field | L137776 |
| 008 - FIXED-LENGTH DATA ELEMENTS--GENERAL INFORMATION | |
| fixed length control field | 070430s2007 xxkd f s 000 0 eng d |
| 035 ## - SYSTEM CONTROL NUMBER | |
| System control number | (Sirsi) u137776 |
| 041 0# - LANGUAGE CODE | |
| Language code of text/sound track or separate title | eng |
| 110 2# - MAIN ENTRY--CORPORATE NAME | |
| Corporate name or jurisdiction name as entry element | DTZ Consulting and Research |
| 9 (RLIN) | 5171 |
| 245 00 - TITLE STATEMENT | |
| Title | Housing type and size in the south east |
| Medium | [electronic resource] |
| 260 ## - PUBLICATION, DISTRIBUTION, ETC. | |
| Date of publication, distribution, etc. | 2007 |
| 520 ## - SUMMARY, ETC. | |
| Summary, etc. | Investigates whether housing and planning policies are delivering the right types of property to meet future requirements. Analyses and rationalises current developments in the region. Finds a large and increasing percentage of completions to be flats and small houses. Concludes this is due to both changes in the planning system and market forces. Identifies this as the cause of overcrowding problems in the social housing and private rented sectors, as well as in the owner-occupier sector in London. Recommends a number of means of addressing these problems through market control and influence. Presents sub-regional case studies. |
| 590 ## - LOCAL NOTE (RLIN) | |
| Local note | KA |
| 610 24 - SUBJECT ADDED ENTRY--CORPORATE NAME | |
| Corporate name or jurisdiction name as entry element | South East England Regional Assembly |
| 9 (RLIN) | 4632 |
| 610 24 - SUBJECT ADDED ENTRY--CORPORATE NAME | |
| Corporate name or jurisdiction name as entry element | South East England Development Agency |
| 9 (RLIN) | 4152 |
| 651 #4 - SUBJECT ADDED ENTRY--GEOGRAPHIC NAME | |
| Geographic name | England and Wales |
| Chronological subdivision | 1543- |
| 690 ## - LOCAL SUBJECT ADDED ENTRY--TOPICAL TERM (OCLC, RLIN) | |
| Topical term or geographic name as entry element | PROPERTY-RESIDENTIAL PROPERTY-RESIDENTIAL PROPERTY MARKET |
| 856 48 - ELECTRONIC LOCATION AND ACCESS | |
| Uniform Resource Identifier | <a href="https://www.southeast-ra.gov.uk/our_work/planning/housing/index.html">https://www.southeast-ra.gov.uk/our_work/planning/housing/index.html</a> |
| Public note | View the article online at www.southeast-ra.gov.uk... |
| 942 ## - ADDED ENTRY ELEMENTS (KOHA) | |
| Suppress in OPAC | 0 |
| Withdrawn status | Lost status | Source of classification or shelving scheme | Damaged status | Not for loan | Home library | Current library | Shelving location | Date acquired | Total Checkouts | Full call number | Barcode | Date last seen | Copy number | Price effective from | Koha item type |
|---|---|---|---|---|---|---|---|---|---|---|---|---|---|---|---|
| Dewey Decimal Classification | Virtual | Virtual | Online | 30/04/2007 | ONLINE PUBLICATION | 137776-2001 | 06/08/2019 | 1 | 06/08/2019 | Journal article |